[Event "Bayern-ch 82nd"]
[Site "Regensburg"]
[Date "2011.08.24"]
[Round "5"]
[White "Stoever, Leon"]
[Black "Dauer, Christina"]
[Result "0-1"]
[WhiteElo "1818"]
[BlackElo "1853"]
[PlyCount "66"]
[EventDate "2011.08.20"]
[EventType "swiss"]
[EventRounds "9"]
[EventCountry "GER"]
[SourceTitle "EXT 2015"]
[Source "ChessBase"]
[SourceDate "2014.11.20"]
[SourceVersion "1"]
[SourceVersionDate "2014.11.20"]
[SourceQuality "1"]

1. e4 e6 2. d4 d5 3. Nc3 Bb4 4. exd5 exd5 5. Qf3 c6 6. Bd3 Nd7 7. Bf4 Ndf6 8. Nge2 Ne7 9. 0-0-0 b5 10. Rde1 0-0 11. Bg5 Bg4 12. Qg3 Nf5 13. Bxf5 Bxf5 14. Nf4 Qd6 15. Re5 Bg6 16. Nxg6 hxg6 17. Bf4 Qd7 18. Re2 Nh5 19. Qe3 Nxf4 20. Qxf4 Rfe8 21. Rhe1 a5 22. Kd2 a4 23. a3 Ba5 24. f3 Rxe2+ 25. Rxe2 b4 26. axb4 Bxb4 27. Qg4 Qxg4 28. fxg4 a3 29. Re1 Kf8 30. Kd3 axb2 31. Rb1 Ra3 32. Rxb2 Rxc3+ 33. Kd2 Rb3+ 0-1

[Event "Bayern-ch 82nd"]
[Site "Regensburg"]
[Date "2011.08.21"]
[Round "2"]
[White "Stoever, Leon"]
[Black "Schindler, Viktor"]
[Result "0-1"]
[WhiteElo "1818"]
[BlackElo "2137"]
[PlyCount "92"]
[EventDate "2011.08.20"]
[EventType "swiss"]
[EventRounds "9"]
[EventCountry "GER"]
[SourceTitle "EXT 2015"]
[Source "ChessBase"]
[SourceDate "2014.11.20"]
[SourceVersion "1"]
[SourceVersionDate "2014.11.20"]
[SourceQuality "1"]

1. e4 c5 2. Nf3 d6 3. d4 cxd4 4. Nxd4 Nf6 5. Nc3 Nc6 6. Bg5 e6 7. Qd2 a6 8. 0-0-0 Bd7 9. f4 b5 10. Bxf6 gxf6 11. Kb1 Qb6 12. Nxc6 Bxc6 13. f5 0-0-0 14. fxe6 fxe6 15. Qf4 Be7 16. g3 b4 17. Ne2 e5 18. Bh3+ Kb8 19. Qf3 Qb7 20. Bg2 f5 21. Qxf5 Rdf8 22. Qh3 Rf2 23. Nc1 Bxe4 24. Bxe4 Qxe4 25. Nd3 Re2 26. Qd7 Qb7 27. Qxb7+ Kxb7 28. Nxb4 Rf8 29. Nd5 Bg5 30. Nc3 Rd2 31. Rxd2 Bxd2 32. Ne4 Bb4 33. c3 d5 34. cxb4 dxe4 35. Re1 Kc6 36. Rxe4 Kd5 37. Re2 Kd4 38. Kc2 e4 39. a3 e3 40. Kd1 Kd3 41. Ke1 Rc8 42. Kf1 Rc1+ 43. Re1 Rc2 44. Rd1+ Rd2 45. Ke1 Kc2 46. Ra1 Rxh2 0-1

[Event "Bayern-ch 82nd"]
[Site "Regensburg"]
[Date "2011.08.20"]
[Round "1"]
[White "Schatz, Christian"]
[Black "Stoever, Leon"]
[Result "1-0"]
[WhiteElo "2152"]
[BlackElo "1818"]
[PlyCount "49"]
[EventDate "2011.08.20"]
[EventType "swiss"]
[EventRounds "9"]
[EventCountry "GER"]
[SourceTitle "EXT 2015"]
[Source "ChessBase"]
[SourceDate "2014.11.20"]
[SourceVersion "1"]
[SourceVersionDate "2014.11.20"]
[SourceQuality "1"]

1. Nf3 Nf6 2. c4 d6 3. g3 e5 4. Bg2 g6 5. Nc3 Bg7 6. 0-0 0-0 7. d3 a5 8. a3 Na6 9. Rb1 Nc5 10. b4 axb4 11. axb4 Ne6 12. Ng5 c6 13. b5 Nxg5 14. Bxg5 Bd7 15. bxc6 Bxc6 16. Nd5 Re8 17. Qd2 Rb8 18. f4 h6 19. Nxf6+ Bxf6 20. Bxc6 bxc6 21. Rxb8 Qxb8 22. Bxf6 Qb6+ 23. d4 Re6 24. fxe5 dxe5 25. c5 1-0